Si Manis Izyan

Bibliographic Details
Main Author: Zailiani Taslim
Format: Book
Published: Kuala Lumpur : DBP , 1992
Subjects:

MARC

LEADER 00000cam a2200000 7i4500
001 0000007379
002 000007935
005 20011208.0
020 |a 983621738X 
090 0 0 |a F   |b ZAI 
100 0 |a Zailiani Taslim 
245 1 0 |a Si Manis Izyan   |c Zailiani Taslim 
260 |a Kuala Lumpur :   |b DBP ,   |c 1992 
300 |a 97p. ;   |c 18cm. 
650 0 0 |a Malay fiction 
999 |a 055286   |b BUKU   |c FICTION   |e PERPUSTAKAAN KOMUNITI CAW KOTA DAMANSARA 
999 |a 055287   |b BUKU   |c FICTION   |e PERPUSTAKAAN KOMUNITI CAW KOTA DAMANSARA